| Registos Bibliográficos associados ao registo de autoridade |
|
Etiqueta de registo: 00000nam 2200025 450 001 2172174 003 http://id.bnportugal.gov.pt/bib/catbnp/2172174 100 ## $a20240709d2023 k y0pory01030103ba 101 0# $apor$deng$dfre 102 ## $aPT 105 ## $ay m 000yy 106 ## $ar 200 1# $aDireito e cidade em movimento$elatências, emergências e resistências na construção do direito na cidade$fNathalie Nunes$gorient. João Pedroso, Wanda Capeller 210 #9 $aCoimbra$c[s.n.],$d2023 215 ## $aXX, 466 p., [1] f. desdobr.$d30 cm 328 #1 $aTese dout. Direito, Justiça e Cidadania no século XXI, Faculdade de Economia, Universidade
de Coimbra, 2023 675 ## $a342.71(043)$vBN$zpor$31303934 675 ## $a711.4/.5(043)$vBN$zpor$3802405 700 #1 $aNunes,$bNathalie$31921068 702 #1 $91$aPedroso,$bJoão$4727$31048799 702 #1 $aCapeller,$bWanda$4727$31921069 801 #0 $aPT$bBN$gRPC 856 40 $2Cópia digital disponível no Estudo Geral - Repositório Científico da Universidade
de Coimbra$uhttps://hdl.handle.net/10316/115483 966 ## $lBN$mFGMON$sS.C. 165232 V.$x1 971 ## $corlando$d20240709 972 ## $e0$z0$d20241022$viquintas 973 ## $cmlsousa$d20241017
Etiqueta de registo: 00254nam 2200025 450 001 2284912 003 http://id.bnportugal.gov.pt/bib/catbnp/2284912 010 ## $a978-989-40-3104-8 021 ## $aPT$b561148/26 100 ## $a20260421d2026 k y0pory01030103ba 101 0# $apor 102 ## $aPT 105 ## $ay z 000yy 106 ## $ar 200 1# $a Uma teoria sociojurídica da sociedade algorítmica$eperspetivas plurais críticas$fWanda Capeller, João Pedroso, Andreia Santos 210 #9 $aCoimbra$cAlmedina,$d2026 215 ## $a289 p.$d23 cm 225 2# $aObras coletivas 700 #1 $aCapeller,$bWanda$31921069 701 #1 $91$aPedroso,$bJoão$4070$31048799 701 #1 $94$aSantos,$bAndreia$31996442 801 #0 $aPT$bBN$gRPC 966 ## $lBN$mFGMON$x1 966 ## $lBN$mFGMON$x1 971 ## $corlando$d20260421
|
|
|